000 00573nam a2200133Ia 4500
008 220620s9999||||xx |||||||||||||| ||und||
022 _a16648714
100 _aGuido Schillaci||Verena V. Hafner||Bruno Lara
245 0 _aRe-Enacting Sensorimotor Experience for Cognition
546 _aEnglish[eng]
650 _aSensorimotor re-enactment||internal simulations||Cogitive robotics||Mental imaginery||internal models||sensorimotor representations
856 _uhttp://journal.frontiersin.org/researchtopic/3747/re-enacting-sensorimotor-experience-for-cognition
942 _cEB
999 _c23080
_d23080